000 00235nam a22001097a 4500
082 _a823
_bUNK/F
100 _aUNKNOWN
245 _aFRIEND
260 _aNEW YORK
_bGOLDEN BOOK
_c1992
650 _aENGLISH STORY
_zUNITED STATES
942 _cBK
999 _c7583
_d7583